| 000 | 00750cam a2200241Ia 4500 | ||
|---|---|---|---|
| 020 | _a9789251058497 | ||
| 020 | _a9251058490 | ||
| 040 | _cNLGGC | ||
| 082 | _a641 FOO 2007 A036 Or. | ||
| 100 | 1 | _aRolle, Rosa S. | |
| 245 | 1 | 0 | _aGood practice for the small-scale production of bottled coconut water / |
| 260 |
_aRome : _bFood and Agriculture Organization of the United Nations, _c2007 |
||
| 300 |
_aix, 35 p. : _bcol. ill. ; _c21 cm |
||
| 500 | _a"TC/M/A1418E/1/11/07/2500"--P. [4] of cover | ||
| 650 | 0 | _aCoconut products | |
| 650 | 0 | _aCoconut products | |
| 650 | 0 | _aCoconut water | |
| 650 | 0 | _aCoconut water | |
| 650 | 0 | _aBeverages | |
| 650 | 0 | _aFood | |
| 710 | 2 | _aFood and Agriculture Organization of the United Nations | |
| 942 | _cEK | ||
| 999 |
_c11341 _d11341 |
||